[Event "AUTO-INT-1739"]
[Site "http://www.queenalice.com/game.php?id=795444"]
[Date "2010.6.26"]
[Round "1"]
[White "Vermelho"]
[Black "jfox"]
[Result "1-0"]
[WhiteElo "1616"]
[BlackElo "1698"]

1. e4 e5 2. Nf3 Nc6 3. d4 exd4 4. Nxd4 Nxd4 5. Qxd4 c5 6. Qe5+ Qe7 7. Qxe7+ Bxe7
8. Be3 Nf6 9. Nc3 O-O 10. Bc4 a6 11. O-O-O b5 12. Bd5 Nxd5 13. Nxd5 Bd6 14. Nb6
Rb8 15. Rxd6 Rd8 16. Bxc5 Bb7 17. Nxd7 Rbc8 18. Bb6 Re8 19. Re1 Bxe4 20. Nc5 Rc6
21. Rxe4 Rxe4 22. Nxe4 Rxd6 23. Nxd6 g6 24. c4 bxc4 25. Nxc4 f5 26. g3 Kf7 27.
b4 Ke6 28. a4 Kd5 29. Na3 Ke4 30. b5 axb5 31. axb5 Kd3 32. Ba7 Ke2 33. f4 Kd3
34. b6 Kc3 35. b7 Kb3 36. Nc2 Kc3 37. b8=Q Kd3 38. Qd6+ Ke2 39. Qd2+ Kf3 40.
Ne1+ Kg4 41. Qg2 h6 42. h3+ Kh5 43. Qf3# 1-0

[Event "AUTO-INT-1739"]
[Site "http://www.queenalice.com/game.php?id=795445"]
[Date "2010.6.26"]
[Round "1"]
[White "jfox"]
[Black "groo"]
[Result "0-1"]
[WhiteElo "1689"]
[BlackElo "1538"]

1. e4 e5 2. Nf3 Nc6 3. Bc4 d6 4. d4 exd4 5. Nxd4 Bd7 6. Nxc6 Bxc6 7. Qf3 Nf6 8.
Bg5 Be7 9. Nd2 O-O 10. b3 Nxe4 11. Bxe7 Qxe7 12. O-O-O Nxd2 13. Rxd2 Bxf3 14.
gxf3 Qg5 15. Kd1 Rae8 16. Rd5 Qh4 17. Rd2 Qh3 18. Bd5 c6 19. Bc4 Qxf3+ 20. Be2
Qxh1+ 0-1

[Event "AUTO-INT-1739"]
[Site "http://www.queenalice.com/game.php?id=795446"]
[Date "2010.6.26"]
[Round "1"]
[White "groo"]
[Black "jfox"]
[Result "1-0"]
[WhiteElo "1748"]
[BlackElo "1701"]

1. e4 e5 2. Bc4 Nf6 3. Nc3 Bc5 4. f3 Bxg1 5. Rxg1 O-O 6. Nd5 Nxd5 7. exd5 d6 8.
d3 a6 9. g3 h6 10. Bd2 b5 11. Bb3 f5 12. Qe2 Nd7 13. O-O-O Nc5 14. Qg2 Bb7 15.
f4 Nxb3+ 16. cxb3 exf4 17. gxf4 Qf6 18. Bc3 Qf7 19. Rde1 Bxd5 20. Qf2 g6 21. Qd4
Qh7 22. Qxd5+ Qf7 23. Rxg6+ Kh7 24. Rg7+ Qxg7 25. Bxg7 Kxg7 26. Re7+ Kg6 27.
Rxc7 Rac8 28. Qe6+ Kh5 29. Qxd6 Rxc7+ 30. Qxc7 Rf6 31. d4 Kg4 32. Qg7+ Kxf4 33.
Qxf6 h5 34. Qxa6 b4 35. Qd6+ Ke4 36. Qxb4 f4 37. Qc5 f3 38. d5 h4 39. d6 h3 40.
Kd2 Kf4 41. Qe3+ Kf5 42. Qxf3+ Ke5 43. Qxh3 Kxd6 44. Qe3 Kd5 45. Kd3 Kd6 46. Qe4
Kc5 47. Qd4+ Kc6 48. Kc4 Kc7 49. Kc5 Kb7 50. Qd5+ Kc7 51. Qd6+ Kb7 52. Qc6+ Ka7
53. Kb5 1-0

[Event "AUTO-OPEN-2021"]
[Site "http://www.queenalice.com/game.php?id=795574"]
[Date "2010.6.27"]
[Round "1"]
[White "jfox"]
[Black "JeanBart"]
[Result "0-1"]
[WhiteElo "1723"]
[BlackElo "2175"]

1. e4 e5 2. Nf3 Nc6 3. Bc4 Nf6 4. Ng5 d5 5. exd5 Na5 6. Bb5+ Bd7 7. Bxd7+ Qxd7
8. Nc3 Nxd5 9. Nxd5 Qxd5 10. Qf3 Qxf3 11. Nxf3 f6 12. O-O O-O-O 13. d3 Nc6 14.
Be3 g5 15. a3 h5 16. Rfd1 h4 17. Nd2 g4 18. Ne4 f5 19. Bg5 fxe4 20. Bxd8 Nxd8
21. dxe4 Ne6 22. Rd2 Bc5 23. Rad1 g3 24. h3 gxf2+ 25. Kf1 Ng5 26. b4 Bb6 27. Re2
Rg8 28. c4 Bd4 29. c5 Ne6 30. Rd3 Nf4 31. Rf3 Nxe2 32. Kxe2 Rxg2 33. Kf1 Rg1+
34. Ke2 Re1+ 35. Kd2 f1=Q 36. Rxf1 Rxf1 37. Ke2 Rf2+ 38. Ke1 Kd7 39. a4 Kc6 40.
Kd1 Bxc5 41. bxc5 Kxc5 42. Ke1 Ra2 43. a5 Kd4 44. a6 Ke3 45. Kd1 b6 46. Kc1 Kd3
47. Kb1 Rh2 48. Kc1 Rg2 49. Kb1 Kc3 50. Ka1 Kb3 51. Kb1 Rg1# 0-1

[Event "AUTO-OPEN-2021"]
[Site "http://www.queenalice.com/game.php?id=795575"]
[Date "2010.6.27"]
[Round "1"]
[White "JeanBart"]
[Black "jfox"]
[Result "1-0"]
[WhiteElo "2166"]
[BlackElo "1715"]

1. e4 e5 2. Nf3 Nc6 3. Bc4 h6 4. O-O a6 5. d4 exd4 6. Nxd4 Nxd4 7. Qxd4 c5 8.
Qd3 b5 9. Bxf7+ Kxf7 10. Qd5+ Ke8 11. Qxa8 Nf6 12. e5 Ng4 13. Qe4 Qh4 14. h3 d5
15. exd6+ Kd7 16. Qf5+ Kd8 17. Qxc5 Qf6 18. Qc7+ Ke8 19. Re1+ Be7 20. Qxe7+ Qxe7
21. Rxe7+ Kd8 22. hxg4 Bxg4 23. Rxg7 h5 24. Bg5+ Kc8 25. Nc3 Bf5 26. Nd5 h4 27.
Ne7+ Kd7 28. Nxf5+ Ke6 29. d7 Kxf5 30. d8=Q h3 31. Qd5+ Kg4 32. Qf3# 1-0

[Event "AUTO-OPEN-2021"]
[Site "http://www.queenalice.com/game.php?id=795576"]
[Date "2010.6.27"]
[Round "1"]
[White "jfox"]
[Black "cass"]
[Result "0-1"]
[WhiteElo "1721"]
[BlackElo "1686"]

1. e4 e5 2. Nf3 Nc6 3. Bc4 Be7 4. d4 Na5 5. Qd3 Nxc4 6. Qxc4 d6 7. O-O Be6 8. d5
Bc8 9. h3 Bd7 10. Be3 c5 11. Nc3 Qb6 12. b3 Nf6 13. a4 a6 14. Rfe1 O-O 15. Ng5
a5 16. Nf3 g6 17. Bh6 Rfe8 18. Nd2 Nh5 19. Ndb1 Bf8 20. Bxf8 Kxf8 21. Nd2 Kg8
22. f3 Ng3 23. Ndb1 Qd8 24. Kf2 Qh4 25. Kg1 Bxh3 26. Nd2 Bd7 27. Nf1 b6 28. Nxg3
Qxg3 29. Ne2 Qg5 30. Rad1 Bh3 31. g4 Qe3+ 32. Kh2 Qxf3 33. Rg1 Bxg4 34. Rg3 Qf2+
35. Rg2 Qh4+ 36. Kg1 Bf3 37. Rh2 Qg4+ 38. Kf2 Bxe4 39. Qc3 Qf5+ 40. Kg3 h5 41.
Rh4 Qg5+ 42. Kh3 Qg2# 0-1

[Event "AUTO-OPEN-2021"]
[Site "http://www.queenalice.com/game.php?id=795577"]
[Date "2010.6.27"]
[Round "1"]
[White "cass"]
[Black "jfox"]
[Result "1-0"]
[WhiteElo "1567"]
[BlackElo "1744"]

1. d4 d5 2. Nc3 e6 3. e4 dxe4 4. Nxe4 Nc6 5. Nf3 e5 6. Nxe5 Qxd4 7. Qxd4 Nxd4 8.
Bd3 a6 9. c3 Nf5 10. O-O Be7 11. Re1 Be6 12. Ng5 Nf6 13. Ngxf7 Rf8 14. Ng5 Nd6
15. Nxe6 Rg8 16. Nxc7+ Kd8 17. Nxa8 Ke8 18. Nb6 Rf8 19. Bf4 h6 20. Bg6+ Kd8 21.
Rad1 Kc7 22. Nec4 Kc6 23. Rxe7 Nxc4 24. Nxc4 Nd5 25. Na5+ Kc5 26. Re5 Rxf4 27.
Rexd5+ Kb6 28. b4 Rf6 29. Be8 g5 30. Rd8 h5 31. Rb8 h4 32. Rxb7# 1-0

[Event "AUTO-OPEN-2021"]
[Site "http://www.queenalice.com/game.php?id=795578"]
[Date "2010.6.27"]
[Round "1"]
[White "jfox"]
[Black "MARLEY14691158"]
[Result "0-1"]
[WhiteElo "1705"]
[BlackElo "2000"]

1. e4 c5 2. Bc4 e6 3. Nf3 a6 4. O-O Nc6 5. e5 b5 6. Be2 Qc7 7. d4 cxd4 8. Nxd4
Nxe5 9. Nc3 Nf6 10. Bf4 d6 11. Bxe5 dxe5 12. Nf3 Be7 13. Bd3 Bb7 14. Re1 O-O 15.
Nxe5 Rad8 16. Ng4 Qf4 17. g3 Qxg4 18. Qxg4 Nxg4 19. h3 Nf6 20. Be4 Bd5 21. Bxd5
Nxd5 22. Nxd5 Rxd5 23. a3 Rfd8 24. b4 Bf6 25. Rad1 Rxd1 26. Kf1 Rxe1+ 27. Kxe1
Bc3+ 28. Ke2 Rd2+ 29. Ke3 e5 30. f3 f5 31. f4 e4 32. g4 g6 33. g5 Kf7 34. h4
Rxc2 35. h5 Bb2 36. h6 Rc3+ 37. Kd2 Rf3 38. a4 bxa4 39. Kc2 Bd4 40. b5 axb5 41.
Kd2 a3 42. Kc1 a2 43. Kc2 a1=Q 44. Kd2 Qc3+ 45. Ke2 Qd3+ 46. Ke1 Rf1# 0-1

[Event "AUTO-OPEN-2021"]
[Site "http://www.queenalice.com/game.php?id=795579"]
[Date "2010.6.27"]
[Round "1"]
[White "MARLEY14691158"]
[Black "jfox"]
[Result "1-0"]
[WhiteElo "1946"]
[BlackElo "1704"]

1. e4 e5 2. Nf3 Nc6 3. Bc4 h6 4. d4 exd4 5. O-O Nf6 6. c3 dxc3 7. e5 cxb2 8.
Bxb2 Ne4 9. Qd5 Ng5 10. Nxg5 Qe7 11. Nxf7 Nb4 12. Qd2 a6 13. Nxh8 d6 14. exd6
Qxd6 15. Re1+ Kd8 16. Nf7+ Kd7 17. Nxd6 Bxd6 18. a3 Nc6 19. Be6+ Kd8 20. Bxc8
Rxc8 21. Bxg7 Na5 22. Qxa5 h5 23. Nc3 Ra8 24. Rad1 b6 25. Rxd6+ cxd6 26. Qxb6+
Kd7 27. Qb7+ Kd8 28. Bf6# 1-0

[Event "AUTO-INT-1805"]
[Site "http://www.queenalice.com/game.php?id=826220"]
[Date "2010.9.1"]
[Round "1"]
[White "Rissoli"]
[Black "jfox"]
[Result "1-0"]
[WhiteElo "2114"]
[BlackElo "1717"]

1. e4 e5 2. Nf3 Nc6 3. Bb5 Nge7 4. c3 h6 5. d4 exd4 6. cxd4 a6 7. Ba4 b5 8. Bc2
Bb7 9. O-O Nb4 10. Re1 Ng6 11. Bb3 Be7 12. a3 O-O 13. axb4 Bxb4 14. Bd2 Re8 15.
Bxb4 Bxe4 16. Nc3 Bxf3 17. Qxf3 Qf6 18. Qxf6 Rxe1+ 19. Rxe1 Nh8 20. Qf3 c6 21.
Re7 d5 22. Nxd5 a5 23. Nf6+ Kf8 24. Re8# 1-0

[Event "AUTO-INT-1805"]
[Site "http://www.queenalice.com/game.php?id=826221"]
[Date "2010.9.1"]
[Round "1"]
[White "jfox"]
[Black "Rissoli"]
[Result "0-1"]
[WhiteElo "1643"]
[BlackElo "2158"]

1. e4 c5 2. Bc4 Nc6 3. Nf3 d6 4. O-O Nf6 5. Ng5 Ne5 6. Bb5+ Bd7 7. Bxd7+ Nexd7
8. d3 g6 9. Nc3 Bg7 10. h3 O-O 11. Be3 a6 12. d4 Qc7 13. d5 b5 14. a3 h6 15. Nf3
b4 16. axb4 cxb4 17. Ne2 Nxe4 18. Ra2 Rfc8 19. b3 Nb6 20. Bxb6 Qxb6 21. Ned4 Nc3
22. Qa1 Nxa2 23. Qxa2 Bxd4 24. Rd1 Bxf2+ 25. Kh1 Rc3 26. Qb1 Rac8 27. Rd2 Qc5
28. Qd1 Rxc2 29. Rxc2 Qxc2 30. Qxc2 Rxc2 31. Kh2 Rb2 32. g4 Rxb3 33. Kg2 Rb2 0-1

[Event "AUTO-INT-1805"]
[Site "http://www.queenalice.com/game.php?id=826234"]
[Date "2010.9.1"]
[Round "1"]
[White "Inexperiente"]
[Black "jfox"]
[Result "0-1"]
[WhiteElo "1638"]
[BlackElo "1715"]

1. d4 d5 2. Nf3 Bf5 3. e3 Nc6 4. a3 Qd6 5. c4 dxc4 6. Nc3 Na5 7. Nd2 Be6 8. Qa4+
Nc6 9. Bxc4 O-O-O 10. d5 a6 11. dxc6 Qxc6 12. Qxc6 bxc6 13. Bxa6+ Kb8 14. Nce4
g6 15. Nf3 Bg7 16. Nd4 Ka7 17. Nxc6+ Kxa6 18. Nxd8 Bd5 0-1

[Event "AUTO-INT-1805"]
[Site "http://www.queenalice.com/game.php?id=826235"]
[Date "2010.9.1"]
[Round "1"]
[White "jfox"]
[Black "Inexperiente"]
[Result "1-0"]
[WhiteElo "1701"]
[BlackElo "1652"]

1. e4 c5 2. Nf3 d6 3. Bb5+ Bd7 4. Qe2 a6 5. Bxd7+ Nxd7 6. e5 dxe5 7. Nxe5 Ngf6
8. O-O e6 9. d3 Bd6 10. Nxd7 Qxd7 11. Nc3 O-O 12. h3 Bc7 13. Ne4 Nxe4 14. Qxe4
Qd6 15. g3 b5 16. Bf4 Qd7 17. Bxc7 Rac8 18. Be5 1-0

[Event "AUTO-INT-1805"]
[Site "http://www.queenalice.com/game.php?id=826244"]
[Date "2010.9.1"]
[Round "1"]
[White "jfox"]
[Black "avian"]
[Result "0-1"]
[WhiteElo "1667"]
[BlackElo "1602"]

1. e4 e6 2. e5 d5 3. Nf3 c5 4. Bb5+ Bd7 5. Bxd7+ Qxd7 6. O-O Nc6 7. d3 Nge7 8.
d4 Nf5 9. Be3 cxd4 10. Bxd4 Nfxd4 11. Nxd4 Nxd4 12. Qxd4 b6 13. Nc3 Bc5 14. Qg4
O-O 15. Kh1 Qc6 16. f4 Bd4 17. Rf3 Bxc3 18. Rxc3 Qb5 19. b3 Rac8 20. a4 Qb4 21.
Rxc8 Rxc8 22. Qe2 Rc7 23. g3 Qc5 24. Rc1 Qa3 25. Qd1 Rc3 26. Kg2 Qc5 27. Qe2 d4
28. Qf2 Qd5+ 29. Kg1 Qe4 30. Qd2 Qe3+ 31. Qxe3 Rxe3 32. Kf2 Kf8 33. Rd1 Rc3 0-1

[Event "AUTO-INT-1805"]
[Site "http://www.queenalice.com/game.php?id=826245"]
[Date "2010.9.1"]
[Round "1"]
[White "avian"]
[Black "jfox"]
[Result "1-0"]
[WhiteElo "1582"]
[BlackElo "1687"]

1. d4 d5 2. c4 dxc4 3. Nc3 e6 4. e4 Bb4 5. Nf3 Ne7 6. Bxc4 Bxc3+ 7. bxc3 O-O 8.
O-O a6 9. e5 b5 10. Bd3 Nd5 11. Qc2 Bb7 12. Ba3 Re8 13. Bxh7+ Kh8 14. Be4 c6 15.
Bxd5 cxd5 16. Ng5 Qxg5 17. Bc1 Qg6 18. Qd2 Kh7 19. Re1 Nd7 20. Re3 Nb6 21. Rg3
Qh6 22. Rh3 Qxh3 23. gxh3 Nc4 24. Qe2 Kg8 25. h4 Kf8 26. h5 Ke7 27. Bg5+ Kd7 28.
Kh1 Rf8 29. h6 gxh6 30. Bxh6 Rg8 31. Qh5 Ke7 32. Bg5+ Ke8 33. Bf6 Nb2 34. Rg1
1-0

[Event "AUTO-ADV-1916"]
[Site "http://www.queenalice.com/game.php?id=838300"]
[Date "2010.9.26"]
[Round "1"]
[White "Vetao"]
[Black "jfox"]
[Result "1-0"]
[WhiteElo "1806"]
[BlackElo "1684"]

1. e4 e5 2. Bc4 Bc5 3. Qh5 Qf6 4. Nf3 d6 5. d3 g6 6. Qg5 Qxg5 7. Nxg5 Nh6 8. Nc3
Rf8 9. Nd5 Rh8 10. Nxc7+ Ke7 11. Nxa8 Kd7 12. Bd2 Bb6 13. O-O 1-0

[Event "AUTO-ADV-1916"]
[Site "http://www.queenalice.com/game.php?id=838301"]
[Date "2010.9.26"]
[Round "1"]
[White "jfox"]
[Black "Vetao"]
[Result "0-1"]
[WhiteElo "1696"]
[BlackElo "1794"]

1. e4 e5 2. Nf3 Qf6 3. d4 exd4 4. Bg5 Qe6 5. e5 h6 6. Qxd4 c6 7. Bh4 Be7 8. Bxe7
Nxe7 9. Qd6 O-O 10. Qxe6 dxe6 11. Bc4 b5 0-1

[Event "AUTO-ADV-1916"]
[Site "http://www.queenalice.com/game.php?id=838316"]
[Date "2010.9.26"]
[Round "1"]
[White "tewald"]
[Black "jfox"]
[Result "1-0"]
[WhiteElo "1926"]
[BlackElo "1703"]

1. e4 e5 2. Nf3 Nc6 3. g3 d6 4. Bg2 Bg4 5. h3 Bxf3 6. Bxf3 Nd4 7. Bg2 Nf6 8. O-O
Be7 9. c3 Nc6 10. d3 O-O 11. f4 exf4 12. Bxf4 d5 13. e5 Nd7 14. d4 h6 15. Bxd5
Rb8 16. e6 Nf6 17. exf7+ Kh8 18. Bb3 Nd5 19. Qh5 1-0

[Event "AUTO-ADV-1916"]
[Site "http://www.queenalice.com/game.php?id=838317"]
[Date "2010.9.26"]
[Round "1"]
[White "jfox"]
[Black "tewald"]
[Result "0-1"]
[WhiteElo "1711"]
[BlackElo "1918"]

1. e4 e6 2. e5 d5 3. exd6 cxd6 4. Bb5+ Nc6 5. Bxc6+ bxc6 6. Nf3 Nf6 7. O-O Bb7
8. d3 e5 9. Bg5 Be7 10. Bxf6 Bxf6 11. Nc3 O-O 12. d4 exd4 13. Nxd4 Re8 14. Nf5
d5 15. Re1 Rxe1+ 16. Qxe1 Qd7 17. Ng3 Re8 18. Qd2 Qd8 0-1

[Event "AUTO-ADV-1916"]
[Site "http://www.queenalice.com/game.php?id=838328"]
[Date "2010.9.26"]
[Round "1"]
[White "jfox"]
[Black "Korchnoico"]
[Result "0-1"]
[WhiteElo "1656"]
[BlackElo "1726"]

1. e4 e6 2. d4 d5 3. exd5 exd5 4. a3 c6 5. c4 Nf6 6. Bg5 Be7 7. cxd5 Nxd5 8. Qe2
O-O 9. Bxe7 Nxe7 10. Nf3 Nd5 11. Qd2 Re8+ 12. Kd1 Be6 13. Bc4 Ne3+ 14. Qxe3 Bxc4
15. Qd2 Bb3+ 16. Kc1 Nd7 17. Nc3 Be6 0-1

[Event "AUTO-ADV-1916"]
[Site "http://www.queenalice.com/game.php?id=838329"]
[Date "2010.9.26"]
[Round "1"]
[White "Korchnoico"]
[Black "jfox"]
[Result "1-0"]
[WhiteElo "1639"]
[BlackElo "1673"]

1. d4 d5 2. c4 dxc4 3. e4 b5 4. a4 c6 5. axb5 cxb5 6. Nf3 Bg4 7. Be2 a5 8. O-O
e6 9. h3 Bxf3 10. Bxf3 Nc6 11. d5 exd5 12. exd5 Nb4 13. d6 Ra6 14. Re1+ Kd7 15.
Bg4+ Kc6 16. Qf3+ Kb6 17. Be3# 1-0

[Event "AUTO-OPEN-1842"]
[Site "http://www.queenalice.com/game.php?id=840069"]
[Date "2010.9.30"]
[Round "2"]
[White "jfox"]
[Black "dnptrs"]
[Result "0-1"]
[WhiteElo "1715"]
[BlackElo "2192"]

1. e4 c5 2. Bc4 Nc6 3. Nf3 e6 4. O-O Qc7 5. d4 cxd4 6. Nxd4 Nf6 7. Re1 Be7 8.
Nxc6 bxc6 9. e5 Nd5 10. Bxd5 cxd5 11. c3 Bb7 12. Bf4 Qc6 0-1

[Event "AUTO-OPEN-1842"]
[Site "http://www.queenalice.com/game.php?id=840070"]
[Date "2010.9.30"]
[Round "2"]
[White "dnptrs"]
[Black "jfox"]
[Result "1-0"]
[WhiteElo "2193"]
[BlackElo "1713"]

1. d4 d5 2. Nf3 Bf5 3. c3 Nc6 4. e3 Bg4 5. Nbd2 e6 6. Qb3 Nf6 7. Qxb7 Kd7 8. Bb5
Rb8 9. Ne5+ Kd6 10. Qxc6+ Ke7 11. Qc5+ Qd6 12. Nc6+ 1-0